Techno economic analysis of stand-alone hybrid renewable energy system /
محفوظ في:
| المؤلف الرئيسي: | |
|---|---|
| التنسيق: | أطروحة كتاب |
| اللغة: | English |
| منشور في: |
2013.
|
| الموضوعات: | |
| الوصول للمادة أونلاين: | http://studentsrepo.um.edu.my/id/eprint/8158 |
| الوسوم: |
إضافة وسم
لا توجد وسوم, كن أول من يضع وسما على هذه التسجيلة!
|
| LEADER | 01629cam a2200385 i 4500 | ||
|---|---|---|---|
| 001 | u876439 | ||
| 003 | SIRSI | ||
| 005 | 201303211537 | ||
| 008 | 130321s2013 my a m 000 0 eng m | ||
| 040 | |a UMM |d UMJ |d AUM |e rda | ||
| 090 | |a TK7 |b UM 2013 Bor | ||
| 097 | |a TK7 |b UM 2013 Bor | ||
| 100 | 1 | |a Borhanazad, Hanieh, |e author. | |
| 245 | 1 | 0 | |a Techno economic analysis of stand-alone hybrid renewable energy system / |c Hanieh Borhanazad. |
| 264 | 1 | |c 2013. | |
| 264 | 4 | |c 2013. | |
| 300 | |a xiii, 87 leaves : |b illustrations ; |c 30 cm. | ||
| 336 | |a text |2 rdacontent | ||
| 337 | |a unmediated |2 rdamedia | ||
| 338 | |a volume |2 rdacarrier | ||
| 502 | |b M.Eng. |c Jabatan Kejuruteraan Elektrik, Fakulti Kejuruteraan, Universiti Malaya |d 2013. | ||
| 504 | |a Bibliography: leaves 80-87. | ||
| 650 | 0 | |a Wind energy conversion systems. | |
| 650 | 0 | |a Wind power. | |
| 650 | 0 | |a Photovoltaic power systems. | |
| 650 | 0 | |a Hybrid power systems. | |
| 650 | 0 | |a Power resources |x Environmental aspects. | |
| 650 | 0 | |a Renewable energy sources. | |
| 710 | 2 | |a Universiti Malaya. |b Jabatan Kejuruteraan Elektrik, |e degree granting institution. | |
| 856 | 4 | 1 | |u http://studentsrepo.um.edu.my/id/eprint/8158 |
| 900 | |a AT-ZA | ||
| 596 | |a 1 7 25 | ||
| 999 | |a TK7 UM 2013 BOR |w LC |c 1 |i A515558695 |d 24/2/2014 |e 24/2/2014 |f 22/10/2013 |g 1 |l STACKS |m P01UTAMA |n 1 |r Y |s Y |t TESIS |u 17/10/2013 | ||
| 999 | |a TK7 UM 2013 BOR |w LC |c 1 |i A516085784 |d 31/12/2014 |f 31/12/2014 |g 1 |l STACKS |m P07JURUTER |r N |s Y |t TESIS |u 31/12/2014 | ||
| 999 | |a TK7 UM 2013 BOR |w LC |c 1 |i A516086436 |d 6/1/2017 |e 3/1/2017 |f 31/12/2014 |g 1 |l STACKS |m P25UMARCHI |n 1 |r N |s Y |t CD |u 31/12/2014 |1 STEM |o .STAFF. MST-CD2891 | ||
